000 00543nam a22001697a 4500
003 OSt
005 20260115152403.0
008 260115b |||||||| |||| 00| 0 eng d
040 _cMRSPTU
041 _aEnglish
100 _aMalika Arora, Supervisor: Dr. Munish Kumar
245 _aAutomatic Emotion Detection Model From Facial Expression Using Gradient Features
260 _bDepartment of CSE, MRSPTU, Bathinda
_c2017
650 _aComputer Science
856 _uhttp://163.47.215.52:8080/jspui/handle/123456789/262
942 _2ddc
_cTH
_n0
999 _c10657
_d10657